000 00427nam a2200181Ia 4500
001 4098
005 20260306145730.0
008 260306t2006||||xx |||||||||||||| ||spa||
041 _aESP
082 _a306.85
_bH12 Nº 70
100 _aAlcázar Cano, José Antonio
_eAUT
245 0 _aVirtudes humanas
260 _c2006
300 _a280 páginas :
_c19 cm.
650 _aGEN
654 _aCED
942 _cLIB
_dJUS
_fJUS
_2ddc
_n
999 _c4098
_d4098